[Event "GER-chT U12"]
[Site "Magdeburg"]
[Date "2023.12.28"]
[Round "4.1"]
[White "Sitnik, Arthur"]
[Black "Thoms, Eric"]
[Result "0-1"]
[WhiteElo "1386"]
[BlackElo "1297"]
[PlyCount "100"]
[EventDate "2023.12.26"]
[EventType "team-swiss"]
[EventRounds "7"]
[EventCountry "GER"]
[SourceTitle "CB03_2024"]
[SourceDate "2024.01.17"]
[SourceVersion "1"]
[SourceVersionDate "2024.01.17"]
[SourceQuality "1"]
[WhiteTeam "Kelheim"]
[BlackTeam "Dresden Striesen"]
[WhiteTeamCountry "GER"]
[BlackTeamCountry "GER"]

1. e4 e5 2. Nc3 Nf6 3. Bc4 Bc5 4. d3 d6 5. f4 Nc6 6. Nf3 0-0 7. fxe5 dxe5 8. Bg5 Be6 9. Bd5 Re8 10. Qd2 Nd4 11. 0-0-0 c6 12. Bb3 b5 13. Rhf1 a5 14. Bxf6 Nxb3+ 15. cxb3 Qxf6 16. d4 exd4 17. Nxd4 Qg6 18. Nf5 Bxf5 19. Rxf5 Qxf5 20. exf5 Be3 21. Qxe3 Rxe3 22. Rd6 Rc8 23. Kd2 Ree8 24. Kd3 Kf8 25. Kd4 f6 26. g4 Re5 27. Ne4 Ke7 28. Re6+ Rxe6 29. fxe6 Kxe6 30. Nc5+ Kd6 31. a3 Re8 32. Nb7+ Kc7 33. Nxa5 Kb6 34. b4 Re2 35. b3 Rxh2 36. a4 Rh4 37. Ke4 Rxg4+ 38. Kf5 Rxb4 39. Nxc6 Kxc6 40. a5 Rxb3 41. a6 Kb6 42. Kg4 Kxa6 43. Kh4 b4 44. Kg4 Rb1 45. Kh4 Rg1 46. Kh5 b3 47. Kh4 b2 48. Kh3 Rg6 49. Kh2 b1Q 50. Kh3 Qh1# 0-1

[Event "GER-chT U12"]
[Site "Magdeburg"]
[Date "2023.12.27"]
[Round "2.3"]
[White "Sitnik, Arthur"]
[Black "Mueller, Anker"]
[Result "0-1"]
[WhiteElo "1386"]
[BlackElo "1548"]
[PlyCount "74"]
[EventDate "2023.12.26"]
[EventType "team-swiss"]
[EventRounds "7"]
[EventCountry "GER"]
[SourceTitle "CB03_2024"]
[SourceDate "2024.01.17"]
[SourceVersion "1"]
[SourceVersionDate "2024.01.17"]
[SourceQuality "1"]
[WhiteTeam "Kelheim"]
[BlackTeam "Berlin Empor"]
[WhiteTeamCountry "GER"]
[BlackTeamCountry "GER"]

1. e4 c6 2. d4 d5 3. exd5 cxd5 4. Bd3 Nc6 5. Nf3 Bg4 6. c3 Nf6 7. h3 Bh5 8. Bf4 e6 9. Nbd2 Bd6 10. Bg3 Bxg3 11. fxg3 Qc7 12. 0-0 Qxg3 13. Qb3 Qc7 14. c4 dxc4 15. Bxc4 0-0 16. Rac1 Qd7 17. Bb5 Nxd4 18. Bxd7 Nxb3 19. Nxb3 Nxd7 20. Rc7 Bxf3 21. Rxf3 Nf6 22. Rxb7 Rfb8 23. Rc7 Rc8 24. Rb7 a5 25. Rc3 a4 26. Nc5 Nd5 27. Rc4 a3 28. b3 h6 29. Nd7 Nc3 30. Rbb4 Rxc4 31. Rxc4 Nxa2 32. Nc5 Nb4 33. Na4 a2 34. Rc1 Nc2 35. Nb6 a1Q 36. Rxa1 Rxa1+ 37. Kf2 Rb1 0-1

[Event "GER-ch U25-B"]
[Site "Willingen"]
[Date "2023.06.03"]
[Round "9"]
[White "Sitnik, Arthur"]
[Black "Toerpel, Cedrik"]
[Result "0-1"]
[WhiteElo "1267"]
[BlackElo "1678"]
[PlyCount "70"]
[EventDate "2023.05.27"]
[EventType "swiss"]
[EventRounds "9"]
[EventCountry "GER"]
[SourceTitle "CBM 214 Extra"]
[Source "ChessBase"]
[SourceDate "2023.07.31"]
[SourceVersion "1"]
[SourceVersionDate "2023.07.31"]
[SourceQuality "1"]

1. e4 c6 2. d4 d5 3. exd5 cxd5 4. Nf3 Nc6 5. Bd3 Bg4 6. c3 Nf6 7. h3 Bh5 8. Nbd2 e6 9. Qb3 Qc7 10. 0-0 Bg6 11. Be2 Bd6 12. c4 h6 13. cxd5 exd5 14. Re1 0-0 15. Nf1 Rfe8 16. Be3 Qd7 17. a3 Rac8 18. Bd2 Ne4 19. Bb5 Nxd2 20. N1xd2 a6 21. Bf1 Bf4 22. Qa4 Qd6 23. Rac1 Bh5 24. Rxe8+ Rxe8 25. Rc2 Rc8 26. Rc5 Rc7 27. Bd3 Bg6 28. Bxg6 fxg6 29. Qb3 Rd7 30. Ne4 Qe6 31. Nc3 Ne7 32. Na4 Bd6 33. Ra5 Rc7 34. Nc5 Qf5 35. Nxb7 Qb1+ 0-1

[Event "GER-chT U12"]
[Site "Muenchen"]
[Date "2022.12.28"]
[Round "3"]
[White "Jankowski, Antoni"]
[Black "Sitnik, Arthur"]
[Result "1/2-1/2"]
[WhiteElo "1119"]
[BlackElo "1253"]
[PlyCount "103"]
[EventDate "2022.12.26"]
[EventType "team-swiss"]
[EventRounds "7"]
[EventCountry "GER"]
[SourceTitle "CBM 212 Extra"]
[Source "ChessBase"]
[SourceDate "2023.03.31"]
[SourceVersion "1"]
[SourceVersionDate "2023.03.31"]
[SourceQuality "1"]
[WhiteTeam "Berlin Empor"]
[BlackTeam "Kelheim"]
[WhiteTeamCountry "GER"]
[BlackTeamCountry "GER"]

1. e4 e5 2. Nf3 Nc6 3. c3 Nf6 4. d4 exd4 5. e5 Ng4 6. cxd4 Bb4+ 7. Nc3 d6 8. h3 Nh6 9. Bg5 Bxc3+ 10. bxc3 Qd7 11. Bb5 a6 12. Qa4 Rb8 13. Bxc6 Qxc6 14. Qxc6+ bxc6 15. 0-0 Nf5 16. g4 Ne7 17. Bf4 Kd7 18. Rab1 Rb5 19. Rb3 Bb7 20. c4 Rxb3 21. axb3 c5 22. d5 Ng6 23. Bg3 Re8 24. Re1 c6 25. exd6 Rxe1+ 26. Nxe1 cxd5 27. Nd3 Bc8 28. cxd5 h6 29. Nxc5+ Kd8 30. Na4 Nf8 31. Nb6 Nd7 32. Nxc8 Kxc8 33. Kg2 Kb7 34. Kf3 Kb6 35. Ke4 Kc5 36. h4 g6 37. h5 Nf6+ 38. Kf3 Kxd5 39. hxg6 fxg6 40. Ke2 Ke6 41. f3 Ne8 42. Ke3 Nxd6 43. Bxd6 Kxd6 44. Kd4 g5 45. b4 Kc6 46. Kc4 Kd6 47. Kd4 Kc6 48. Kc4 Kb6 49. Kc3 Kb5 50. Kb3 Kb6 51. Kc3 Kc6 52. Kc4 1/2-1/2

[Event "GER-chT U12"]
[Site "Magdeburg"]
[Date "2021.08.07"]
[Round "5.5"]
[White "Heilmann, Ramon"]
[Black "Sitnik, Arthur"]
[Result "0-1"]
[WhiteElo "996"]
[BlackElo "1051"]
[PlyCount "105"]
[EventDate "2021.08.04"]
[EventType "team-swiss"]
[EventRounds "7"]
[EventCountry "GER"]
[SourceTitle "EXT 2022"]
[Source "ChessBase"]
[SourceDate "2021.10.06"]
[SourceVersion "1"]
[SourceVersionDate "2021.10.06"]
[SourceQuality "1"]
[WhiteTeam "Erfurt USV"]
[BlackTeam "Kelheim"]
[WhiteTeamCountry "GER"]
[BlackTeamCountry "GER"]

1. e4 e5 2. Nf3 Nc6 3. Bc4 Nf6 4. Nc3 Nxe4 5. Nxe4 d5 6. Bxd5 Qxd5 7. d3 Bg4 8. h3 Bxf3 9. Qxf3 Nd4 10. Nf6+ gxf6 11. Qxd5 Nxc2+ 12. Kd1 Nxa1 13. Qb5+ Kd8 14. Qd5+ Bd6 15. Qxf7 Be7 16. Qg7 Kd7 17. Qg4+ Kd8 18. b3 h5 19. Qe4 c6 20. Bb2 Nxb3 21. axb3 Kc7 22. Bc3 Rad8 23. Ba5+ b6 24. Bd2 Rd4 25. Qf3 Rhd8 26. Kc2 e4 27. Qf4+ Kb7 28. Rd1 exd3+ 29. Kc3 Bb4+ 30. Kb2 Rxf4 31. Bxf4 d2 32. Kc2 Re8 33. Bxd2 Re2 34. g3 Rxf2 35. Kc1 Bxd2+ 36. Rxd2 Rf3 37. Rd7+ Ka6 38. Kb2 Rxg3 39. Ka3 c5 40. Rd6 c4 41. Kb4 c3 42. Rc6 Rxh3 43. Ka4 Rf3 44. Ka3 h4 45. Re6 Rf1 46. Re2 Kb5 47. Ka2 Rh1 48. Rf2 h3 49. b4 Kxb4 50. Rf1 Rh2+ 51. Kb1 Kb3 52. Rf3 Rh1+ 53. Rf1 0-1

[Event "GER-chT U12"]
[Site "Magdeburg"]
[Date "2021.08.07"]
[Round "6.5"]
[White "Sitnik, Arthur"]
[Black "Schmidt, Moritz"]
[Result "0-1"]
[WhiteElo "1051"]
[BlackElo "1454"]
[PlyCount "46"]
[EventDate "2021.08.04"]
[EventType "team-swiss"]
[EventRounds "7"]
[EventCountry "GER"]
[SourceTitle "EXT 2022"]
[Source "ChessBase"]
[SourceDate "2021.10.06"]
[SourceVersion "1"]
[SourceVersionDate "2021.10.06"]
[SourceQuality "1"]
[WhiteTeam "Kelheim"]
[BlackTeam "Plettenberg"]
[WhiteTeamCountry "GER"]
[BlackTeamCountry "GER"]

1. e4 c6 2. d4 d5 3. exd5 cxd5 4. Bd3 Nc6 5. c3 Nf6 6. Nf3 Bg4 7. h3 Bxf3 8. Qxf3 e6 9. 0-0 e5 10. Re1 Bd6 11. dxe5 Nxe5 12. Bf4 Nfd7 13. Qg3 0-0 14. Bxe5 Bxe5 15. f4 Qb6+ 16. Qf2 Bxf4 17. b4 Rfe8 18. Rxe8+ Rxe8 19. Qxb6 Nxb6 20. Na3 Rc8 21. Re1 g6 22. Bb1 Rxc3 23. Nb5 Rc4 0-1